000 00297nam a22001217a 4500
008 180215b xxu||||| |||| 00| 0 eng d
041 _aeng
080 _a37
100 _a48
101 _aedu
245 _athe education audio and speech language pathologists
_cjudith.a.r
942 _2udc
_cBK
999 _c42680
_d42680